Enrique Larreta : (Record no. 84679)

MARC details
000 -LEADER
campo de control de longitud fija 00678nam a2200193 i 4500
001 - NÚMERO DE CONTROL
campo de control 84679
003 - IDENTIFICADOR DE NÚMERO DE CONTROL
campo de control ES-MaACL
005 - FECHA Y HORA DE LA ÚLTIMA TRANSACCIÓN
campo de control 20230906175051.0
007 - CAMPO FIJO DE DESCRIPCIÓN FÍSICA--INFORMACIÓN GENERAL
campo de control de longitud fija t|
008 - DATOS DE LONGITUD FIJA--INFORMACIÓN GENERAL
campo de control de longitud fija 041123s1967 sp ||||1| spa d
100 1# - ENTRADA PRINCIPAL--NOMBRE DE PERSONA
Nombre de persona Jansen, André.
9 (RLIN) 66056
245 10 - MENCIÓN DEL TÍTULO
Título Enrique Larreta :
Resto del título novelista hispano-argentino, 1873-1961 /
Mención de responsabilidad, etc. André Jansen ; prólogo de Arturo Berenguer Carisomo ; traducción, Fernando Murillo Rubiera.
260 ## - PUBLICACIÓN, DISTRIBUCIÓN, ETC.
Lugar de publicación, distribución, etc. Madrid :
Nombre del editor, distribuidor, etc. Cultura Hispánica,
Fecha de publicación, distribución, etc. 1967.
300 ## - DESCRIPCIÓN FÍSICA
Extensión 350 p., 10 lám. ;
Dimensiones 21 cm.
600 14 - PUNTO DE ACCESO ADICIONAL DE MATERIA--NOMBRE DE PERSONA
Nombre de persona Larreta, Enrique.
9 (RLIN) 70347
700 1# - ENTRADA AGREGADA--NOMBRE PERSONAL
Nombre de persona Berenguer Carisomo, Arturo.
9 (RLIN) 27894
700 1# - ENTRADA AGREGADA--NOMBRE PERSONAL
Nombre de persona Murillo Rubiera, Fernando.
9 (RLIN) 84594
852 ## - LOCALIZACIÓN
Ubicación ES-MaACL
Número de control de estantería G-4127
Holdings
Estatus retirado Estado de pérdida Estado de daño No para préstamo Biblioteca de origen Biblioteca actual Ubicación en estantería Fecha de adquisición Fuente de adquisición Total de préstamos Signatura topográfica completa Código de barras Visto por última vez Precio de reemplazo Tipo de ítem Koha
        Biblioteca del Ateneo de Madrid Biblioteca del Ateneo de Madrid Depósito 2 17/01/2008     G-4127 1088496 23/02/2023 23/02/2023 Libro impreso